000 00703nam a22002417a 4500
003 UA-OsUOA
001 52455
007 ta
008 20150608b un ||||| |||| 00| 0 ukr d
100 _aТягнигоре Д.
090 _a09-82-3
_bТ99
942 _cBK
040 _aUA-OsUOA
_bukr
_cUA-OsUOA
_dUA-OsUOA
245 _aРозбійник Іван Пушкар і інші оповідання
300 _a160 с.
955 _a3
041 _aukr
080 _a09-82-3
260 _aВінніпег
_c1936
650 7 _a0 Загальний відділ.
_2UDC
999 _c432572
_d432572